000 00542cam a2200193 4500
001 D15246
008 090401t1983 xxu||||| |||| 00| 0 eng d
035 _a(Sirsi) u21433
041 _aeng
050 _a333.73
110 _aRoyal Institution of Chartered Surveyors
_94900
245 _aConservation in the Countryside: RICS/Times conservation awards 1983
260 _aLondon
_bRICS/The Times
_c1983
300 _a28p. 30cm
350 _a0
520 _aFiled in box RICS 1983/26A (Archives only)
942 _n0
948 _c04/03/1997
999 _c87975
_d87975